Welcome to CU Library Online Public Access Catalogue (OPAC)

Confronting Sexual Harassment in Ghanaian Universities (Record no. 5170)

MARC details
000 -LEADER
fixed length control field 00516nam a22001697a 4500
005 - DATE AND TIME OF LATEST TRANSACTION
control field 20250325102550.0
008 - FIXED-LENGTH DATA ELEMENTS--GENERAL INFORMATION
fixed length control field 250325b |||||||| |||| 00| 0 eng d
020 ## - INTERNATIONAL STANDARD BOOK NUMBER
International Standard Book Number 9964303394
050 ## - LIBRARY OF CONGRESS CALL NUMBER
Classification number LC212
Item number .G8622 BRI
100 ## - MAIN ENTRY--PERSONAL NAME
Personal name Britwum Akua O.
245 ## - TITLE STATEMENT
Title Confronting Sexual Harassment in Ghanaian Universities
Statement of responsibility, etc. Akua O. Britwum & Nana Amma Anokye
260 ## - PUBLICATION, DISTRIBUTION, ETC.
Place of publication, distribution, etc. Accra
Name of publisher, distributor, etc. Ghana University Press
Date of publication, distribution, etc. 2006
300 ## - PHYSICAL DESCRIPTION
Extent 143p.
Other physical details ill.
Dimensions 14 cm
650 ## - SUBJECT ADDED ENTRY--TOPICAL TERM
Source of heading or term Sexual Harassment
700 ## - ADDED ENTRY--PERSONAL NAME
Personal name Anokye Nana Amma
942 ## - ADDED ENTRY ELEMENTS (KOHA)
Source of classification or shelving scheme Library of Congress Classification
Koha item type Books
Suppress in OPAC No
999 ## -
-- 5170
-- 5170
Holdings
Withdrawn status Lost status Source of classification or shelving scheme Damaged status Not for loan Collection Home library Current library Shelving location Date acquired Total checkouts Full call number Barcode Date last seen Copy number Price effective from Koha item type
    Library of Congress Classification     Non-fiction Business Library (Miotso) Business Library (Miotso) General stacks 03/25/2025   LC212 .G8622 BRI BSSM00001591 03/25/2025 1 03/25/2025 Books
    Library of Congress Classification     Non-fiction Business Library (Miotso) Business Library (Miotso) General stacks 03/25/2025   LC212 .G8622 BRI BSSM00001592 03/25/2025 2 03/25/2025 Books
    Library of Congress Classification     Non-fiction Business Library (Miotso) Business Library (Miotso) General stacks 03/25/2025   LC212 .G8622 BRI BSSM00001593 03/25/2025 3 03/25/2025 Books
    Library of Congress Classification     Non-fiction Business Library (Miotso) Business Library (Miotso) General stacks 03/25/2025   LC212 .G8622 BRI BSSM00001594 03/25/2025 4 03/25/2025 Books
    Library of Congress Classification     Non-fiction Business Library (Miotso) Business Library (Miotso) General stacks 03/25/2025   LC212 .G8622 BRI BSSM00001595 03/25/2025 5 03/25/2025 Books
© 2023-2024 Copyright: Central University Libraries. All Rights Reserved | Created by: Mahone Tech Office